| 000 | 00401nam a22001337a 4500 | ||
|---|---|---|---|
| 082 |
_a625.8 _bSHA _cL-NUST, P-11 |
||
| 100 |
_aShahin, M. Y _946214 |
||
| 245 |
_aPavement management for airport, roads and parking lots _cM.Y.Shahin |
||
| 260 |
_aLondon _bKluwer Academic Publishers _c1994 |
||
| 300 | _axiv, 450 p. | ||
| 526 |
_a0 _b0 _c0 _d625_800000000000000_SHA |
||
| 650 |
_aMCE _9379 |
||
| 942 |
_2ddc _cBK |
||
| 999 |
_c549564 _d549564 |
||